000 00360nam a22001457a 4500
008 250228b |||||||| |||| 00| 0 eng d
020 _a9780323555098
050 _aRC78.3
_b.S44
100 _aSherer Mary Alice
245 _aRadiation Protection in Medical Radiography
250 _a8th
260 _aMissouri
_bElsevier
_c2018
300 _a235p
942 _cBK
999 _c2017
_d2017